00517nam a2200133Ia 4500008004100000100003200041245012600073245004500199260003900244260000900283650001800292650001500310856005800325170221s9999 xx 000 0 und d aTania Cantrell Rosas-Moreno 2aA Comparative Analysis of a Shared (Inter)National Story: How Brazilian and US Presses Covered Sean Goldman’s Recovery  cTania Cantrell Rosas-Moreno, Dustin Harp bStudies in Media and Communication c2016 xCommunication xMedia Arts uhttp://redfame.com/journal/index.php/smc/issue/view/3